| 000 | 00427nam a2200145Ia 4500 | ||
|---|---|---|---|
| 005 | 20250317133845.0 | ||
| 008 | 240331s9999 xx 000 0 und d | ||
| 082 |
_bKAN _a894 |
||
| 100 | _aKaneshlingham, S | ||
| 245 | 0 |
_aVilankilla adimaikal : _boru samakala varalaattup puthinam |
|
| 260 |
_aChennai _bKumaran Pathippagam _c1991 |
||
| 300 | _a132 p ., | ||
| 500 | _aIlanagaiyin theshiya ina pirachanai patriya novel | ||
| 942 | _cL | ||
| 999 |
_c4197 _d4197 |
||